Statistics for Religion A-Z #2

Click here to take the quiz!

General Stats

  • This quiz has been taken 22,396 times
  • The average score is 20 of 26

Answer Stats

ClueAnswer% Correct
IThe only majority Jewish countryIsrael
96%
FWhat Muslims do during daytime
in the month of Ramadan
Fast
93%
VHeadquarters of the Catholic churchVatican City
93%
WMuslim men are permitted to have
as many as four of these
Wives
92%
ZKing of the Greek godsZeus
92%
OBranch of Christianity practiced in
Russia: Eastern ________
Orthodox
91%
HGreek god of the underworldHades
90%
KIndian belief crudely summarized as
"what goes around comes around"
Karma
90%
LHe started the Protestant ReformationLuther
89%
EWhere Osiris and Ra were worshippedEgypt
88%
MIslamic place of worshipMosque
88%
AReligious group that shuns many
modern inventions
Amish
85%
TChinese belief system based on
the teachings of Laozi
{Tao}ism
85%
SLargest branch of IslamSunni
84%
C97% of people from this country
are Buddhist
Cambodia
83%
BBiblical city ruled by NebuchadnezzarBabylon
80%
PZoroastrianism was the state religion
of this empire
Persian
77%
JBiblical character who was swallowed
by a "great fish"
Jonah
72%
QReligious group also known
as Friends
Quakers
64%
DHe slept in the lion's denDaniel
61%
GHindu god with an elephant headGanesha
58%
REnd of the world in Norse mythologyRagnarök
51%
NGenesis, Exodus, Leviticus, ...Numbers
48%
YGod of the IsraelitesYahweh
46%
UGreek primordial deity who
personified the sky
Uranus
42%
XAncient galactic overlord in the
beliefs of Scientology
Xenu
22%

Score Distribution

Percentile by Number Answered

Percent of People with Each Score

Your Score History

You have not taken this quiz